MARC details
| 000 -CABECERA |
| campo de control de longitud fija |
01123nam a2200229 i 4500 |
| 001 - NÚMERO DE CONTROL |
| campo de control |
000045338 |
| 003 - IDENTIFICADOR DEL NÚMERO DE CONTROL |
| campo de control |
DO-SdBNP |
| 005 - FECHA Y HORA DE LA ÚLTIMA TRANSACCIÓN |
| campo de control |
20240223141520.0 |
| 007 - CAMPO FIJO DE DESCRIPCIÓN FÍSICA--INFORMACIÓN GENERAL |
| campo de control de longitud fija |
ta |
| 008 - DATOS DE LONGITUD FIJA--INFORMACIÓN GENERAL |
| campo de control de longitud fija |
150304s2013 dr r acd 00 0 sspadd |
| 020 ## - NÚMERO INTERNACIONAL ESTÁNDAR DEL LIBRO |
| Número Internacional Estándar del Libro |
9789945887211 |
| 040 ## - FUENTE DE LA CATALOGACIÓN |
| Centro catalogador/agencia de origen |
DO-SdBNP |
| Lengua de catalogación |
spa |
| Centro/agencia transcriptor |
BNPHU |
| Normas de descripción |
rda |
| 082 #4 - NÚMERO DE LA CLASIFICACIÓN DECIMAL DEWEY |
| Número de edición |
22 |
| 245 03 - MENCIÓN DE TÍTULO |
| Título |
La crisis educativa y el modelo económico-político en República Dominicana / |
| Mención de responsabilidad, etc. |
Juan Bosch... [et al.] ; compilación, Matías Bosch. |
| 264 ## - PRODUCCIÓN, PUBLICACIÓN, DISTRIBUCIÓN, FABRICACIÓN Y COPYRIGHT |
| Producción, publicación, distribución, fabricación y copyright |
Santo Domingo : |
| Nombre del de productor, editor, distribuidor, fabricante |
Fundación Juan Bosch, |
| Fecha de producción, publicación, distribución, fabricación o copyright |
2013. |
| 300 ## - DESCRIPCIÓN FÍSICA |
| Extensión |
116 p. : |
| Otras características físicas |
il., retrs. ; |
| Dimensiones |
23 cm. |
| 490 1# - MENCIÓN DE SERIE |
| Mención de serie |
Bosch vive |
| Designación de volumen o secuencia |
4 |
| 504 ## - NOTA DE BIBLIOGRAFÍA, ETC. |
| Nota de bibliografía, etc. |
Bibliografía : p. 114-116 |
| 505 0# - NOTA DE CONTENIDO CON FORMATO |
| Nota de contenido con formato |
Introducción -- |
| Título |
La educación es una actividad clasica -- |
| -- |
Cuatro preguntas a Juan Bosch -- |
| -- |
La educación desarraigada / |
| Mención de responsabilidad |
Matías Bosch -- |
| Título |
Limitaciones de la estructura económica para la igual-equidad educativa |
| Mención de responsabilidad |
María Barrenese -- |
| Título |
Motivos libertarios en la escuela dominicana / |
| Mención de responsabilidad |
Juan Miguel Pérez -- |
| Título |
El deber es poder: contextos de opresión, escuelas de liberación / |
| Mención de responsabilidad |
José Antinoe Fiallo Billini. |
| 700 1# - PUNTO DE ACCESO ADICIONAL--NOMBRE DE PERSONA |
| Nombre de persona |
Bosch, Matías, |
| Término indicativo de función/relación |
compilador |
| 9 (RLIN) |
72665 |
| 942 ## - ELEMENTOS DE PUNTO DE ACCESO ADICIONAL (KOHA) |
| Fuente del sistema de clasificación o colocación |
Dewey Decimal Classification |
| Tipo de ítem Koha |
Libro |